Housing Forum publishes satisfaction report (Record no. 117009)

MARC details
000 -LEADER
fixed length control field 00978cam a2200205 4500
001 - CONTROL NUMBER
control field WB4006-06
008 - FIXED-LENGTH DATA ELEMENTS--GENERAL INFORMATION
fixed length control field 040210n2004 000 0 eng u
035 ## - SYSTEM CONTROL NUMBER
System control number (Sirsi) u125097
245 ## - TITLE STATEMENT
Title Housing Forum publishes satisfaction report
260 ## - PUBLICATION, DISTRIBUTION, ETC.
Date of publication, distribution, etc. 2004
490 ## - SERIES STATEMENT
Series statement Building
Volume/sequential designation 269(8318) 6 February 2004, 16(1)
520 ## - SUMMARY, ETC.
Summary, etc. The Housing Forum has published its "2003 national customer satisfaction survey", which is designed to provide an analysis of the trends of customer satisfaction within the private house building industry over the last three years and form a guide to advise consumers of the above average performers in the industry this year. It found that satisfaction levels have fallen slightly. Table. Further details can be obtained from http://www.constructingexcellence.org.uk.
590 ## - LOCAL NOTE (RLIN)
Local note WB
590 ## - LOCAL NOTE (RLIN)
Local note WB
650 ## - SUBJECT ADDED ENTRY--TOPICAL TERM
Topical term or geographic name entry element CUSTOMER SATISFACTION
650 ## - SUBJECT ADDED ENTRY--TOPICAL TERM
Topical term or geographic name entry element HOUSE BUILDING INDUSTRY
650 ## - SUBJECT ADDED ENTRY--TOPICAL TERM
Topical term or geographic name entry element HOUSE BUILDERS
690 ## - LOCAL SUBJECT ADDED ENTRY--TOPICAL TERM (OCLC, RLIN)
Topical term or geographic name as entry element HOUSING
942 ## - ADDED ENTRY ELEMENTS (KOHA)
Suppress in OPAC 0
Holdings
Withdrawn status Lost status Source of classification or shelving scheme Damaged status Not for loan Home library Current library Shelving location Date acquired Total Checkouts Full call number Barcode Date last seen Copy number Price effective from Koha item type
    Dewey Decimal Classification     London London News article 10/02/2004   WB4006-06 125097-1001 06/08/2019 1 06/08/2019 News article